| 000 | 00929nam a22002177a 4500 | ||
|---|---|---|---|
| 999 |
_c18232 _d18232 |
||
| 003 | AR-CdUCM | ||
| 008 | 190513b ||||| |||| 00| 0 spa d | ||
| 040 |
_aMUNICIPALIDAD PROVINCIAL DEL CUSCO _cBIBLIOTECA MUNICIPAL DEL CUSCO |
||
| 082 |
_22ed. _a869.5009 / _bB26 |
||
| 100 |
_aBasadre, Jorge _9198 |
||
| 245 |
_aEquivocaciones : _bensayos sobre literatura penúltima / |
||
| 260 |
_aLima : _bEdiciones Studium, _c1988. |
||
| 300 |
_a86 páginas ; _bilustraciones, _c21 cm. |
||
| 505 | _aContenido: Elogio y elegía de José María Eguren -- Escolio a José García Calderón -- Viaje con escalas por la obra de Valdelomar -- Anverso y reverso del cinema -- Triunfadores y fracasados -- Advenimiento de la emoción social. | ||
| 650 |
_aLiteratura peruana _9169 |
||
| 650 |
_aHistoria y crítica _95993 |
||
| 650 |
_aBiografía _922 |
||
| 710 |
_aEditorial Rocarme. _938700 |
||
| 942 |
_2ddc _cLIBROS |
||
| 945 |
_aachl _d2019-05-13 |
||